Historia de juan manuel de rosas /

Guardado en:
Autor Principal: Gutiérrez, Eduardo
Formato: Libro
Publicado: Buenos Aires : Capital Intelectual, 2009
Series:Los recobrados, nº 13
Materias:
Etiquetas: Agregar Etiqueta
Sin Etiquetas, Sea el primero en etiquetar este registro!
LEADER 00613nam a22002055a 4500
001 CEM.cems013642
005 20120326133519.0
008 130507s2009##################000#0#####d
003 CEMS
020 |a 9789876142021 
082 0 4 |a 923 
100 1 |a Gutiérrez, Eduardo 
245 1 0 |a Historia de juan manuel de rosas /  |c Eduardo Gutiérrez 
260 |a Buenos Aires :  |b Capital Intelectual,  |c 2009 
300 |a 368 p. 
490 0 |a Los recobrados, nº 13 
653 |a Rosas, juan manuel biografía 
653 |a Biografías 
653 |a Historia argentina 
859 |a CEMS  |b BIB. CEMS - 11 de abril  |h 923  |i R113g  |p 26285.12  |t Ej.1